The noble scholar, jurist, historian


 His Excellency Dr. Abdul Wahhab bin Ibrahim Abu Sulaiman, may Allah have mercy on him.


 He was born in Umm Al-Qura in the year 1356 AH.

مختار إيقاظ الغرب للإسلام / (Record no. 14567)

MARC details
000 -LEADER
fixed length control field 02740cam a22003011i 4500
003 - CONTROL NUMBER IDENTIFIER
control field SA-RiAUC
005 - DATE AND TIME OF LATEST TRANSACTION
control field 20260313130512.0
008 - FIXED-LENGTH DATA ELEMENTS--GENERAL INFORMATION
fixed length control field 260131s1922 ua g 000 0 ara c
040 ## - CATALOGING SOURCE
Original cataloging agency EG-CaDAJ
Language of cataloging ara
Transcribing agency SA-RiAUC
Description conventions rda
041 1# - LANGUAGE CODE
Language code of text/sound track or separate title ara
Language code of original und
082 04 - DEWEY DECIMAL CLASSIFICATION NUMBER
Classification number 214.00091821
Assigning agency SA-RiAUC
090 ## - LOCALLY ASSIGNED LC-TYPE CALL NUMBER (OCLC); LOCAL CALL NUMBER (RLIN)
Classification number (OCLC) (R) ; Classification number, CALL (RLIN) (NR) م ن 214.00091821
Local cutter number (OCLC) ; Book number/undivided call number, CALL (RLIN) ف ا ر
100 1# - MAIN ENTRY--PERSONAL NAME
Personal name فاروق، سيف الرحمن رحمة الله،
Dates associated with a name 1855-1935
Relator term مؤلف.
245 10 - TITLE STATEMENT
Title مختار إيقاظ الغرب للإسلام /
Statement of responsibility, etc. تأليف سيف الرحمن رحمة الله فاروق ؛ ترجمة إسماعيل حلمي البارودي.
264 #1 - PRODUCTION, PUBLICATION, DISTRIBUTION, MANUFACTURE, AND COPYRIGHT NOTICE
Place of production, publication, distribution, manufacture [مكان النشر غير محدد] :
Name of producer, publisher, distributor, manufacturer [الناشر غير محدد]،
Date of production, publication, distribution, manufacture, or copyright notice 1922
264 #3 - PRODUCTION, PUBLICATION, DISTRIBUTION, MANUFACTURE, AND COPYRIGHT NOTICE
Place of production, publication, distribution, manufacture الإسكندرية، مصر :
Name of producer, publisher, distributor, manufacturer مطبعة الجريدة التجارية المصرية
300 ## - PHYSICAL DESCRIPTION
Extent 128 صفحة ؛
Dimensions 29 سم
336 ## - CONTENT TYPE
Content type term نص
Content type code txt
Source rdacontent
Materials specified كتاب
337 ## - MEDIA TYPE
Media type term بدون وسيط
Media type code n
Source rdamedia
338 ## - CARRIER TYPE
Carrier type term مجلد
Carrier type code nc
Source rdacarrier
505 0# - FORMATTED CONTENTS NOTE
Title كيف نجد السعادة /
-- مملكة جهنم والخمر /
-- من أين جئنا /
Statement of responsibility محمد سعيد الجليلي-
-- تولستوي-
-- الخوري مورو.
650 #7 - SUBJECT ADDED ENTRY--TOPICAL TERM
Topical term or geographic name entry element الإسلام والغرب
Source of heading or term aucsh
700 1# - ADDED ENTRY--PERSONAL NAME
Personal name البارودي، إسماعيل حلمي
Relator term مترجم.
856 ## - ELECTRONIC LOCATION AND ACCESS
Uniform Resource Identifier <a href="http://dlib.nyu.edu/aco/book/aub_aco000803/1?lang=ar">http://dlib.nyu.edu/aco/book/aub_aco000803/1?lang=ar</a>
Link text Digital Copy
Access method نرجو الانتباه لإمكانية وجود اختلاف في الطبعة أو الناشر بين البيانات على البوابة وما ستجده على الكتاب نظرا لمحدودية المعلومات المتاحة على الموقع الناشر للمادة.
Materials specified Please note that there may be a difference in the edition or publisher between the data on the portal and the book due to the limited information available on the publisher website for the material.
856 ## - ELECTRONIC LOCATION AND ACCESS
Uniform Resource Identifier <a href="http://dl-img.home.nyu.edu/adore-djatoka/resolver?url_ver=Z39.88-2004&svc_id=info%3Alanl-repo/svc/getRegion&svc_val_fmt=info%3Aofi/fmt%3Akev%3Amtx%3Ajpeg2000&svc.format=image/jpeg&rft_id=http%3A//dlib.nyu.edu/files/books/aub_aco000803/aub_aco000803_n000001_d.jp2&svc.scale=230 ">http://dl-img.home.nyu.edu/adore-djatoka/resolver?url_ver=Z39.88-2004&svc_id=info%3Alanl-repo/svc/getRegion&svc_val_fmt=info%3Aofi/fmt%3Akev%3Amtx%3Ajpeg2000&svc.format=image/jpeg&rft_id=http%3A//dlib.nyu.edu/files/books/aub_aco000803/aub_aco000803_n000001_d.jp2&svc.scale=230 </a>
Link text CoverImage
Access method نرجو الانتباه لإمكانية وجود اختلاف في الطبعة أو الناشر بين البيانات على البوابة وما ستجده على الكتاب نظرا لمحدودية المعلومات المتاحة على الموقع الناشر للمادة.
Materials specified Please note that there may be a difference in the edition or publisher between the data on the portal and the book due to the limited information available on the publisher website for the material.
942 ## - ADDED ENTRY ELEMENTS (KOHA)
Source of classification or shelving scheme Dewey Decimal Classification
Koha item type كتاب مصور نادر
Suppress in OPAC No
949 ## - LOCAL PROCESSING INFORMATION (OCLC)
a SA-JeALM
d 260131
u mohamedma123
n 1
Holdings
Withdrawn status Lost status Source of classification or shelving scheme Damaged status Not for loan Home library Current library Date acquired Total checkouts Full call number Barcode Date last seen Price effective from Koha item type
    Dewey Decimal Classification     DR AbdElwahab Library DR AbdElwahab Library 03/13/2026   م ن 214.00091821 ف ا ر 000023057 03/13/2026 03/13/2026 كتاب مصور نادر